| 000 | 00354nam a2200145Ia 4500 | ||
|---|---|---|---|
| 008 | 230917s9999||||xx |||||||||||||| ||und|| | ||
| 040 |
_e73155 _aMAIN |
||
| 041 | _aEnglish | ||
| 082 | _a657 H586A | ||
| 100 | _aHindmarch, Arthur | ||
| 245 | 0 | _aAccounting: An introduction | |
| 260 |
_aLondon _bMacmillan _c1977 |
||
| 300 | _axvii, 314 p. | ||
| 942 | _cBK | ||
| 999 |
_c201043 _d201043 |
||